Tygramatika : soubor studií věnovaných prof. Janu Kořenskému k 75. narozeninám /

Další autoři: Faltýnek, Dan, 1980-, Gvoždiak, Vít, 1983-
Jazyk: Slovenština
Čeština
Vydáno: Praha : Dokořán, 2013
Vydání: 1. vyd.
Témata:
Fyzický popis: 311 s. : il. ; 21 cm
Language note: Část. slovenský text, anglické resumé
Knihy
Uloženo v:
LEADER 01341nam a2200385 a 4500
001 nkc20132499250
003 CZ PrNK
005 20140115125906.0
007 ta
008 130924s2013 xr a f 010 0 cze
015 |a cnb002499250 
020 |a 978-80-7363-544-2  |q (brož.) 
035 |a (OCoLC)862713216 
040 |a ABA001  |b cze 
041 0 |a cze  |a slo  |b eng 
072 7 |a 81  |x Lingvistika. Jazyky  |2 Konspekt  |9 11 
080 |a 81'1  |2 MRF 
080 |a (048.8:082)  |2 MRF 
245 0 0 |a Tygramatika :  |b soubor studií věnovaných prof. Janu Kořenskému k 75. narozeninám /  |c Dan Faltýnek & Vít Gvoždiak (eds.) 
250 |a 1. vyd. 
260 |a Praha :  |b Dokořán,  |c 2013 
300 |a 311 s. :  |b il. ;  |c 21 cm 
504 |a Obsahuje bibliografie a bibliografické odkazy 
546 |a Část. slovenský text, anglické resumé 
650 0 7 |a lingvistika  |7 ph115153  |2 czenas 
650 0 9 |a linguistics  |2 eczenas 
655 7 |a kolektivní monografie  |7 fd501537  |2 czenas 
655 9 |a collective monographs  |2 eczenas 
700 1 |a Faltýnek, Dan,  |d 1980-  |7 hka2011656128  |4 edt 
700 1 |a Gvoždiak, Vít,  |d 1983-  |7 mzk2013765766  |4 edt 
910 2 |a BOA001  |b 2-1310.711 
990 |a BK 
995 |a 01 
991 |b 201310  |c NOV  |e n 
996 6 |b 2610563111  |c 2-1310.711  |l MZK  |r Sklad / do 1 hodiny  |n 0  |p p.v.  |w 001364128  |u 000010  |a 1  |e BOA001  |j MZK50  |s P